000 00428nam a2200181 a 4500
001 1758452259900
003 ACL
005 20250921163104.0
008 250921s2004##################000#0#eng##
020 _a9781580421379
082 0 4 _a795.412
_bWES
100 1 _aWest, Roy,
_eauthor.
245 1 0 _a7-Card Stud :
260 _bCardoza,
_c2004.
650 0 _aGames & Activities.
942 _cENGLISH
040 _aACL
_beng
_cACL
999 _c588609
_d588609